Bruno mars synonyms/anotnyms - Statistics

General Stats
  • This quiz has been taken 42 times
  • The average score is 6 of 15
Answer Stats
Hint Answer % Correct
25 karaat wizardry 24k magic
89%
‘Close the door lah’ Leave the door open
75%
Stuck in hell Locked out of heaven
75%
Pew pew boom Grenade
54%
👉🏻👈🏻🫵 Marry you
39%
일이삼 Count on me
36%
👉🏻👌 Versace on the floor
32%
You now Just the way you are
29%
You and me man The lazy song
29%
θησαυρός Treasure
29%
Nature pouring It will rain
25%
Delulu Talking to the moon
25%
我爱 That’s what I like
25%
🙀🫵🔥🫃❤️‍🔥 That’s what I like
25%
Dirt poor Billionaire
21%
No matching quizzes found
Score Distribution
Percent of People with Each Score
Percentile by Number Answered
Your Score History
You have not taken this quiz